000 00576nam a2200193Ia 4500
005 20250326141510.0
008 250326s9999 xx 000 0 und d
020 _a92-2-107285-1
037 _aTextbook
040 _aFMSL
_beng
_cFMSL
041 _aeng
_2eng
084 _aX62.1 N1
_qFMSL
100 _aInternational Labour Office
245 0 _aMultinational Banks and their social and labour practices
_cInternational Labour Office
260 _aGeneva
_bGeneva, ILO Geneva
_c1991
300 _a172p
942 _cTB
_hX62.1 N1
999 _c1290587
_d1290587